000 00543nam a2200193Ia 4500
005 20250508161957.0
008 008 250505s9999 xx 000 0 eng d
037 _aTextual
040 _aFEDL
_beng
_cFEDL
041 _aeng
_2eng
084 _a155.4, PAN
_qFEDL
100 _aPandey Rama S.
245 0 _aChild socialization in modernization
260 _aBombay, India
_bSomaiya Publications Pvt Ltd
_c1977
300 _ax,191p.
650 _aChild Psychology
942 _cTEXL
_h155.4, PAN
999 _c1373619
_d1373619